000 00585nam a2200193Ia 4500
003 OSt
005 20240613103450.0
008 210210b1939 xxu||||| |||| 00| 0 eng d
040 _cAL
041 _aTelugu
082 _a491/4
100 _aRAMANAYYA (Venkata N)
_dవెంకట న రమణయ్య
_9170379
245 _aVelugotivarivamsavali
_bవెలుగోటివారివంశావళి
260 _aMadras
_bUniversity of Madras
_c1939
650 _aVelugotivarivamsavali
_9170380
690 _aTelugu Language
_9170381
906 _a007037
942 _2ddc
_cBK
999 _c141077
_d141077